El mundo viviente (Registro nro. 1228)
[ vista simple ]
| 000 -Cabecera | |
|---|---|
| Campo de control de longitud fija | 00872aam a2200361 4500 |
| 005 - Fecha y hora de la última transacción | |
| Campo de control | 20240619160948.0 |
| 008 - Elementos de longitud fija--Información general | |
| Campo de control de longitud fija | 150608b2002 xxu||||| |||| 00| 0 spa d |
| 020 ## - International Standard Book Number | |
| Número Internacional Estándar del Libro (ISBN) | 9977661278 |
| 041 ## - Idioma | |
| Código de idioma | Español |
| 082 ## - Clasificación Decimal Dewey | |
| Número de clasificación | 578.7 S967m4 |
| 100 ## - Entrada principal--Autor personal | |
| Nombre personal | Sutter, Cristobal |
| 100 ## - Entrada principal--Autor personal | |
| Nombre personal | Fischer, Silvia |
| 245 ## - Título propiamente dicho | |
| Título | El mundo viviente |
| 250 ## - Edición | |
| Mención de edición | 4 edición |
| 260 ## - Pie de imprenta | |
| Lugar de publicación, distribución, etc. | Costa Rica |
| 260 ## - Pie de imprenta | |
| Nombre del editor, distribuidor, etc. | Editorial Tecnológica de Costa Rica |
| 260 ## - Pie de imprenta | |
| Fecha de publicación, distribución, etc. | 2002 |
| 300 ## - Descripción física | |
| Extensión | 349 páginas |
| 505 ## - Nota de contenido | |
| Nota de contenido | Contiene ilustraciones |
| 650 ## - Materia general | |
| Temática (materia general) | BIOLOGÍA |
| 650 ## - Materia general | |
| Temática (materia general) | REINOS BIOLÓGICOS |
| 650 ## - Materia general | |
| Temática (materia general) | EVOLUCIÓN |
| 650 ## - Materia general | |
| Temática (materia general) | BIOTECNOLOGÍA |
| 650 ## - Materia general | |
| Temática (materia general) | ECOLOGÍA |
| 650 ## - Materia general | |
| Temática (materia general) | GENÉTICA |
| 650 ## - Materia general | |
| Temática (materia general) | REINO MONERA |
| 650 ## - Materia general | |
| Temática (materia general) | REINO PROTISTA |
| 650 ## - Materia general | |
| Temática (materia general) | REINO FUNGI |
| 650 ## - Materia general | |
| Temática (materia general) | REINO PLANTAE |
| 650 ## - Materia general | |
| Temática (materia general) | REINO ANIMALIA |
| 942 ## - Punto de acceso adicional KOHA | |
| Tipo de ítem KOHA | Libro |
| Fuente del sistema de clasificación o colocación | Dewey Decimal Classification |
| Signatura completa | Código de barras | Programa Académico | Tipo de ítem |
|---|---|---|---|
| 578.7 S967m4 | 10119 | Turismo | Libro |
| 578.7 S967m4 | 10486 | Turismo | Libro |
| 578.7 S967m4 | 10487 | Turismo | Libro |